Pays utilsant l'Euro comme monnaie. - Statistiques

Statistiques générales
  • Ce quiz a été pris 149 fois
    2 depuis la dernière actualisation
  • Le résultat moyen est 7 sur 20
Answers on the Grid
Answers color-coded by a green-red scale on the quiz's grid according to % correct below.
Allemagne
Autriche
Belgique
Bulgarie
Chypre
Croatie
Danemark
Espagne
Estonie
Finlande
France
Grèce
Hongrie
Irlande
Islande
Italie
Lettonie
Lituanie
Luxembourg
Malte
Pays-Bas
Pologne
Portugal
République Tchèque
Roumanie
Royaume-Uni
Slovaquie
Slovénie
Suède
Turquie
Ukraine
 
Statistiques - réponses
Réponse % Correct
Belgique
100%
Allemagne
50%
Autriche
50%
Chypre
50%
Croatie
50%
Espagne
50%
France
50%
Irlande
50%
Italie
50%
Luxembourg
50%
Malte
50%
Pays-Bas
50%
Portugal
50%
Estonie
0%
Finlande
0%
Grèce
0%
Lettonie
0%
Lituanie
0%
Slovaquie
0%
Slovénie
0%
Aucun quiz correspondant
Distribution des résultats
% des personnes avec chaque résultat
Percentile par nombre de réponses
Votre historique - résultats
Vous n’avez pas pris ce quiz depuis la dernière actualisation